Loading...
| History - Other | 2 | 5 | 0 | 2 | 80 | 64 | 110.71 | 1 | 3 | 14.41 | 35.83 |
| Fine Arts - Other Arts | 1 | 5 | 0 | 3 | 65 | 23 | 112.67 | 2 | 3 | 13.15 | 24.17 |
| History - World | 1 | 6 | 2 | 3 | 65 | 41 | 120.00 | 1 | 2 | 9.65 | 29.74 |
| Literature - European | 0 | 5 | 0 | 1 | 50 | 105 | 127.60 | 1 | 3 | 7.96 | 25.68 |
| History - European | 1 | 4 | 2 | 0 | 45 | 75 | 113.20 | 0 | 2 | 10.18 | 22.61 |
| Fine Arts - Classical Music and Opera | 0 | 5 | 2 | 0 | 40 | 91 | 117.40 | 0 | 1 | 9.09 | 18.61 |
| Religion | 1 | 2 | 0 | 0 | 35 | 26 | 109.33 | 1 | 1 | 6.90 | 15.81 |
| Social Science | 0 | 3 | 0 | 1 | 30 | 81 | 102.67 | 1 | 2 | 7.12 | 18.57 |
| Philosophy | 0 | 2 | 0 | 1 | 20 | 118 | 133.00 | 0 | 0 | 1.51 | 5.56 |
| Literature - World | 0 | 2 | 0 | 0 | 20 | 87 | 113.50 | 1 | 1 | 4.68 | 12.87 |
| Fine Arts - Painting and Sculpture | 0 | 2 | 1 | 0 | 15 | 78 | 85.00 | 1 | 2 | 7.25 | 14.58 |
| History - American | 0 | 1 | 0 | 0 | 10 | 138 | 138.00 | 0 | 0 | 0.06 | 1.39 |
| Mythology | 1 | 0 | 1 | 0 | 10 | 76 | 76.00 | 0 | 0 | 9.87 | 13.85 |
| Science - Chemistry | 0 | 1 | 0 | 0 | 10 | 92 | 92.00 | 0 | 1 | 2.82 | 7.74 |
| Modern World | 0 | 1 | 0 | 0 | 10 | 115 | 115.00 | 0 | 0 | 1.92 | 3.33 |
| Geography | 0 | 1 | 1 | 0 | 5 | 127 | 127.00 | 0 | 0 | 4.14 | 26.67 |
| Other Culture | 0 | 0 | 1 | 0 | -5 | 0.00 | 0 | 0 | 0.00 | 0.00 | |
| Literature - British | 0 | 0 | 1 | 0 | -5 | 0.00 | 0 | 0 | 0.00 | 0.00 | |
| Science - Biology | 0 | 0 | 1 | 0 | -5 | 0.00 | 0 | 0 | 0.00 | 0.00 | |
| Other Academic | 0 | 0 | 2 | 0 | -10 | 0.00 | 0 | 0 | 0.00 | 0.00 |